[Event "World Youth U16 Olympiad"]
[Site "Gyor HUN"]
[Date "2014.12.18"]
[Round "7.26"]
[Board "2"]
[White "Pulpan, Jakub"]
[Black "Song, Guannan Terry"]
[Result "1-0"]
[WhiteTitle "FM"]
[WhiteElo "2264"]
[BlackElo "2004"]
[WhiteTeam "Czech Republic"]
[BlackTeam "Canada 3"]
[WhiteFideId "302759"]
[BlackFideId "2614189"]
[EventDate "2014.12.13"]
[EventType "team"]

1. e4 c5 2. Nc3 d6 3. g3 Nf6 4. Bg2 a6 5. d3 g6 6. Be3 Bg7 7. h3 Nc6 8. Qd2 h5
9. Nge2 e5 10. f4 Nd4 11. O-O b5 12. fxe5 dxe5 13. Bg5 Qd6 14. Nd5 Nxd5 15. exd5
f6 16. Be3 Nf5 17. c4 Nxe3 18. Qxe3 Bh6 19. Qf2 f5 20. b4 cxb4 21. c5 Qd8 22. d6
Rb8 23. d4 e4 24. Bxe4 O-O 25. Bd5+ Kh7 26. Nf4 Qf6 27. Rae1 Bg7 28. Re7 Kh6 29.
Rd1 g5 30. Ne6 Rf7 31. Nxg7 Rxg7 32. Re8 Kh7 33. Qe2 g4 34. Qe5 Qh6 35. d7 Bxd7
36. Rxb8 gxh3 37. c6 h4 38. cxd7 h2+ 39. Kh1 1-0

[Event "World Youth U16 Olympiad"]
[Site "Gyor HUN"]
[Date "2014.12.18"]
[Round "7.26"]
[Board "4"]
[White "Nova, Michaela"]
[Black "Peng, Janet"]
[Result "1/2-1/2"]
[WhiteElo "2015"]
[BlackElo "1694"]
[WhiteTeam "Czech Republic"]
[BlackTeam "Canada 3"]
[WhiteFideId "368466"]
[BlackFideId "2609827"]
[EventDate "2014.12.13"]
[EventType "team"]

1. e4 e6 2. d4 d5 3. Nd2 Nf6 4. Bd3 c5 5. e5 Nfd7 6. c3 Nc6 7. Ne2 cxd4 8. cxd4
f6 9. exf6 Nxf6 10. O-O Bd6 11. Nf3 O-O 12. Ng3 Qb6 13. b3 Bd7 14. Bb2 Rac8 15.
Rc1 Bf4 16. Rc2 Nb4 17. Rxc8 Rxc8 18. Bb1 a5 19. Re1 Bb5 20. Ne5 Qc7 21. Nh5
Bxe5 22. dxe5 Nxh5 23. Qxh5 Nd3 24. Bxd3 Bxd3 25. Qh3 Bf5 26. Qe3 Qd7 27. Bc3
Qb5 28. h3 Qc5 29. Bd4 Qa3 30. Re2 Qc1+ 31. Kh2 Qxe3 32. Rxe3 Rc2 33. Rc3 Rxc3
34. Bxc3 Bb1 35. a3 Ba2 36. Bxa5 Bxb3 37. f4 Kf7 38. Kg3 Kg6 39. Kf3 h5 40. g4
hxg4+ 41. hxg4 Bd1+ 42. Kg3 Be2 43. Kh4 Bd1 44. Bd8 Be2 45. Kg3 Bd1 1/2-1/2

[Event "World Youth U16 Olympiad"]
[Site "Gyor HUN"]
[Date "2014.12.19"]
[Round "8.1"]
[Board "1"]
[White "Ghosh, Diptayan"]
[Black "Vetoshko, Volodymyr"]
[Result "1-0"]
[WhiteTitle "IM"]
[BlackTitle "IM"]
[WhiteElo "2516"]
[BlackElo "2424"]
[WhiteTeam "India"]
[BlackTeam "Ukraine"]
[WhiteFideId "5045207"]
[BlackFideId "14122480"]
[EventDate "2014.12.13"]
[EventType "team"]

1. d4 Nf6 2. c4 e6 3. Nf3 c5 4. d5 b5 5. Bg5 b4 6. e4 d6 7. Bd3 Be7 8. O-O e5 9.
a3 bxa3 10. Nxa3 Nxd5 11. cxd5 Bxg5 12. Nxg5 Qxg5 13. Nc4 Qd8 14. Qa4+ Kf8 15.
f4 exf4 16. e5 Ba6 17. Nxd6 Bxd3 18. Qxf4 f6 19. exf6 gxf6 20. Qh6+ Ke7 21. Nb7
Qf8 22. Qe3+ Kf7 23. Qxd3 1-0

[Event "World Youth U16 Olympiad"]
[Site "Gyor HUN"]
[Date "2014.12.19"]
[Round "8.1"]
[Board "2"]
[White "Vorontsov, Pavlo"]
[Black "Karthikeyan, Murali"]
[Result "1/2-1/2"]
[WhiteTitle "FM"]
[BlackTitle "IM"]
[WhiteElo "2374"]
[BlackElo "2497"]
[WhiteTeam "Ukraine"]
[BlackTeam "India"]
[WhiteFideId "14116367"]
[BlackFideId "5074452"]
[EventDate "2014.12.13"]
[EventType "team"]

1. d4 d5 2. c4 e6 3. Nf3 Nf6 4. Nc3 Be7 5. Bf4 O-O 6. e3 Nbd7 7. cxd5 exd5 8.
Bd3 c6 9. h3 Re8 10. Qc2 Nf8 11. O-O Ng6 12. Rab1 Nxf4 13. exf4 Bd6 14. Ne5 g6
15. Rfe1 Nh5 16. Ne2 Qf6 17. Qd2 Bf8 18. g4 Ng7 19. b4 Qd8 20. Bc2 a5 21. a3
axb4 22. axb4 Ra3 23. Kg2 h5 24. f3 Qh4 25. Ra1 Rxa1 26. Rxa1 Ne6 27. Qd3 Qf6
28. Qd2 h4 29. Ra8 Qe7 30. Qd3 Nc7 31. Ra1 Na6 32. b5 Nb4 33. Qd2 c5 34. dxc5
Qxc5 35. Bb3 Bg7 36. Rc1 Qe7 37. Nd4 Bxe5 38. fxe5 Qxe5 39. Qxb4 Qg3+ 40. Kh1
Qxh3+ 41. Kg1 Qg3+ 42. Kh1 Bxg4 43. Bxd5 Bh3 44. Qd2 Rd8 45. Rg1 Qd6 46. Bb3
Qxd4 47. Rxg6+ Kf8 48. Qh6+ Ke7 49. Rg1 Rd6 50. Re1+ Be6 51. Bxe6 Rxe6 52. Rxe6+
fxe6 53. Qh7+ Kd6 54. Qxb7 Qf2 55. Qc6+ Ke7 56. Qc7+ Ke8 1/2-1/2

[Event "World Youth U16 Olympiad"]
[Site "Gyor HUN"]
[Date "2014.12.19"]
[Round "8.1"]
[Board "3"]
[White "Aravindh, Chithambaram VR."]
[Black "Osmak, Iulija"]
[Result "1-0"]
[WhiteTitle "IM"]
[BlackTitle "WFM"]
[WhiteElo "2476"]
[BlackElo "2308"]
[WhiteTeam "India"]
[BlackTeam "Ukraine"]
[WhiteFideId "5072786"]
[BlackFideId "14101602"]
[EventDate "2014.12.13"]
[EventType "team"]

1. Nf3 d5 2. g3 Nf6 3. Bg2 c6 4. O-O Bf5 5. d3 Nbd7 6. Nbd2 h6 7. b3 e6 8. Bb2
Bh7 9. e4 dxe4 10. dxe4 Bxe4 11. Nxe4 Nxe4 12. Qe2 Nef6 13. Rad1 Qc7 14. Ne5
Nxe5 15. Bxe5 Qb6 16. g4 Be7 17. h4 O-O 18. g5 hxg5 19. hxg5 Nh7 20. Rd7 Bxg5
21. Be4 Bh6 22. Kg2 Rad8 23. Bc7 Rxd7 24. Bxb6 axb6 25. Rh1 Nf6 26. Bf3 Nd5 27.
Qe5 Nf4+ 28. Kg3 Ng6 29. Qc3 Bd2 30. Qc4 Bf4+ 31. Kg2 Bh6 32. Qb4 b5 33. Be4
Nf4+ 34. Kg3 Ne2+ 35. Kf3 Nd4+ 36. Kg2 Ne2 37. Bh7+ Kxh7 38. Qxf8 Nf4+ 39. Kf3
Ng6 40. Qb4 Rd5 41. a4 Kg8 42. axb5 Rxb5 43. Qd6 Rf5+ 44. Kg2 Nf4+ 45. Kf1 Nd5
46. c4 Ne3+ 47. Ke2 Ng4 48. f4 c5 49. Qb8+ Kh7 50. Qxb7 Rxf4 51. Rf1 Rxf1 52.
Kxf1 Ne3+ 53. Ke2 Nf5 54. Qxf7 Bc1 55. Kd1 Ba3 56. Qxe6 g6 57. Kd2 Bb4+ 58. Kd3
Kh6 59. Qf6 Nd4 60. Qh4+ Kg7 61. Qe7+ Kh6 62. Qe3+ Kg7 63. Ke4 Kf6 64. Qf4+ Nf5
65. Kd5 Kf7 66. Qg5 Ba3 67. Kc6 Bb4 68. Kd7 Bc3 69. Qd8 Bb4 70. Qh8 Ng7 71. Qh2
Nf5 72. Qe5 Ng7 73. Qe7+ Kg8 74. Qf6 Kh7 75. Ke7 Nf5+ 76. Kf7 Nh6+ 77. Kf8 Nf5
78. Kf7 Nh6+ 79. Kf8 Nf5 80. Qg5 Bc3 81. Qg1 Bg7+ 82. Kf7 Nh6+ 83. Ke6 Bd4 84.
Qe1 Nf5 85. b4 cxb4 86. Qxb4 Bg7 87. c5 Bf8 88. Qc4 Bg7 89. c6 Nd4+ 90. Qxd4
Bxd4 91. c7 Bg7 92. c8=Q 1-0

[Event "World Youth U16 Olympiad"]
[Site "Gyor HUN"]
[Date "2014.12.19"]
[Round "8.1"]
[Board "4"]
[White "Shtembuliak, Evgeny"]
[Black "Kumaran, B"]
[Result "0-1"]
[WhiteTitle "FM"]
[WhiteElo "2257"]
[BlackElo "2316"]
[WhiteTeam "Ukraine"]
[BlackTeam "India"]
[WhiteFideId "14113325"]
[BlackFideId "5038472"]
[EventDate "2014.12.13"]
[EventType "team"]

1. c4 Nf6 2. g3 e6 3. Bg2 d5 4. Nf3 dxc4 5. Qa4+ c6 6. Qxc4 b5 7. Qc2 Bb7 8. O-O
Nbd7 9. Nc3 a6 10. a4 b4 11. Nb1 c5 12. a5 Rc8 13. d3 Bd6 14. Nbd2 O-O 15. Nc4
Bc7 16. Nfd2 Bxg2 17. Kxg2 Re8 18. Nb3 Bb8 19. Bg5 e5 20. e4 h6 21. Bxf6 Qxf6
22. Rfd1 Qc6 23. Nbd2 Red8 24. Ne3 Nf6 25. Ndc4 Bc7 26. h3 Qe6 27. Nd2 Bb8 28.
Qc4 Qc6 29. Nb3 Rd7 30. Rac1 Ba7 31. Kf1 Ne8 32. Qc2 Qe6 33. Kg2 Nd6 34. Nc4 Nb5
35. Qe2 Rcd8 36. Rd2 Kh7 37. Qe3 Rc8 38. Rf1 Nd6 39. Rc1 Nb5 40. Qf3 Rcd8 41.
Rcd1 g6 42. g4 Re8 43. h4 Nd6 44. Rc2 Red8 45. h5 Kg7 46. Nc1 Nxc4 47. Rxc4 Qxc4
48. dxc4 Rxd1 49. hxg6 fxg6 50. g5 hxg5 51. Qg3 Kf6 52. Qf3+ Kg7 53. Qg3 Kf6 54.
Ne2 R1d3 55. Qg4 Rh8 56. Ng3 Bb8 57. Nf1 Rf8 58. Ne3 Rd2 59. Qh3 Ke7 60. Ng4 Rf4
61. Qh7+ Kf8 62. Kg3 Rd3+ 63. Ne3 Bd6 64. Qh8+ Kf7 65. Qc8 Be7 66. Qb7 g4 67.
Qxa6 Rd2 68. Nxg4 Rd3+ 69. Ne3 Bh4+ 70. Kh3 Bxf2 71. Qb7+ Kf6 72. Qb6+ Kg5 73.
Qe6 Rxe3+ 74. Kh2 Bg3+ 75. Kg1 Rf2 76. Qe7+ Kh6 0-1

[Event "World Youth U16 Olympiad"]
[Site "Gyor HUN"]
[Date "2014.12.19"]
[Round "8.2"]
[Board "1"]
[White "Radovic, Luka"]
[Black "Asgarizadeh, Ahmad"]
[Result "0-1"]
[WhiteElo "2352"]
[BlackElo "2371"]
[WhiteTeam "Serbia"]
[BlackTeam "Iran"]
[WhiteFideId "911569"]
[BlackFideId "12505684"]
[EventDate "2014.12.13"]
[EventType "team"]

1. Nf3 d5 2. g3 c6 3. Bg2 Bg4 4. c4 e6 5. O-O Nd7 6. d3 Bd6 7. Nbd2 Ngf6 8. h3
Bh5 9. b3 O-O 10. Bb2 a5 11. e4 dxe4 12. dxe4 Bxf3 13. Qxf3 Qb6 14. Rfd1 Rfd8
15. Nf1 Qc7 16. Qe2 e5 17. Ne3 Bc5 18. Nf5 Nf8 19. Bc3 Bb4 20. Qb2 Bxc3 21. Qxc3
g6 22. Ne3 Ne6 23. Nc2 c5 24. f4 Nd4 25. Nxd4 cxd4 26. Qf3 Nh5 27. Rf1 a4 28.
fxe5 axb3 29. Qxb3 d3 30. Rf3 Qxe5 31. Rd1 Nxg3 32. Rfxd3 Rxd3 33. Qxd3 Rxa2 34.
Qf3 Ne2+ 35. Kh1 Nf4 36. Bf1 Nd3 0-1

[Event "World Youth U16 Olympiad"]
[Site "Gyor HUN"]
[Date "2014.12.19"]
[Round "8.2"]
[Board "2"]
[White "Tabatabaei, M.amin"]
[Black "Radovic, Janko"]
[Result "1-0"]
[WhiteTitle "FM"]
[WhiteElo "2363"]
[BlackElo "2272"]
[WhiteTeam "Iran"]
[BlackTeam "Serbia"]
[WhiteFideId "12521213"]
[BlackFideId "911518"]
[EventDate "2014.12.13"]
[EventType "team"]

1. c4 Nf6 2. Nc3 d5 3. cxd5 Nxd5 4. g3 g6 5. Bg2 Nxc3 6. bxc3 Bg7 7. Rb1 O-O 8.
Rxb7 Bxb7 9. Bxb7 Nd7 10. Bxa8 Qxa8 11. f3 Rd8 12. Nh3 Qc8 13. Nf4 Nc5 14. Qc2
Qa6 15. d3 Qb6 16. Be3 Nxd3+ 17. Qxd3 Rxd3 18. Bxb6 Rxc3 19. Bg1 Rc2 20. Be3
Rxa2 21. Kf2 a5 22. Rc1 Be5 23. Nd5 a4 24. Nxe7+ Kg7 25. Nc6 Bf6 26. Nb4 Rb2 27.
Nd5 1-0

[Event "World Youth U16 Olympiad"]
[Site "Gyor HUN"]
[Date "2014.12.19"]
[Round "8.2"]
[Board "3"]
[White "Djordjevic, Vuk"]
[Black "Maghsoodloo, Parham"]
[Result "0-1"]
[WhiteElo "2291"]
[BlackElo "2415"]
[WhiteTeam "Serbia"]
[BlackTeam "Iran"]
[WhiteFideId "902098"]
[BlackFideId "12539929"]
[EventDate "2014.12.13"]
[EventType "team"]

1. e4 c6 2. d4 d5 3. Nd2 dxe4 4. Nxe4 Nf6 5. Nxf6+ exf6 6. c3 Bd6 7. Bd3 O-O 8.
Qc2 Re8+ 9. Ne2 g6 10. Be3 Be6 11. O-O-O Nd7 12. c4 Rc8 13. Kb1 b5 14. c5 Bb8
15. h4 f5 16. Bg5 Qa5 17. b3 Nf8 18. h5 Bd5 19. f3 Qc7 20. Rh4 Qd7 21. Rdh1 Re6
22. hxg6 fxg6 23. Nf4 Bxf4 24. Bxf4 Rce8 25. Be5 Rxe5 26. dxe5 Rxe5 27. Rc1 Qe7
28. Rhh1 Ne6 29. Rhe1 Rxe1 30. Rxe1 Qxc5 31. Qxc5 Nxc5 32. Bxb5 cxb5 33. Re5 Ne4
34. g4 Nc3+ 35. Kb2 Nd1+ 36. Kc2 Bxf3 37. g5 a6 38. Re6 a5 39. Re5 b4 40. Rxa5
Ne3+ 41. Kd3 f4 42. Rb5 Nd5 43. Rb8+ Kf7 44. Kd4 Ke6 45. Rf8 Bg2 46. Rh8 Kf5 47.
Rxh7 Kxg5 48. a4 bxa3 49. Ra7 f3 0-1

[Event "World Youth U16 Olympiad"]
[Site "Gyor HUN"]
[Date "2014.12.19"]
[Round "8.2"]
[Board "4"]
[White "Lorparizangeneh, Shahin"]
[Black "Ivic, Velimir"]
[Result "1-0"]
[WhiteTitle "FM"]
[WhiteElo "2340"]
[BlackElo "2176"]
[WhiteTeam "Iran"]
[BlackTeam "Serbia"]
[WhiteFideId "12521604"]
[BlackFideId "950122"]
[EventDate "2014.12.13"]
[EventType "team"]

1. d4 f5 2. Nf3 Nf6 3. g3 g6 4. Bg2 Bg7 5. O-O O-O 6. b3 d6 7. Bb2 c6 8. Nbd2 a5
9. a3 Na6 10. c4 Nc7 11. Qc2 Bd7 12. Rae1 b5 13. e4 fxe4 14. Nxe4 a4 15. cxb5
cxb5 16. b4 Nfd5 17. Qb1 Kh8 18. Nh4 Rc8 19. Ng5 e6 20. f4 Qf6 21. Re2 Rfe8 22.
Qd3 Na8 23. Rfe1 Nab6 24. Bh3 Nc7 25. d5 e5 26. Bxd7 Nxd7 27. Rf1 Qe7 28. Nxg6+
hxg6 29. Qxg6 Nf8 30. Qh5+ Kg8 31. fxe5 dxe5 32. d6 Qd7 33. Rf7 1-0

[Event "World Youth U16 Olympiad"]
[Site "Gyor HUN"]
[Date "2014.12.19"]
[Round "8.3"]
[Board "1"]
[White "Paravyan, David"]
[Black "Sanal, Vahap"]
[Result "0-1"]
[WhiteTitle "IM"]
[BlackTitle "IM"]
[WhiteElo "2437"]
[BlackElo "2452"]
[WhiteTeam "Russia"]
[BlackTeam "Turkey"]
[WhiteFideId "4194985"]
[BlackFideId "6300545"]
[EventDate "2014.12.13"]
[EventType "team"]

1. d4 Nf6 2. c4 e6 3. Nf3 b6 4. Nc3 Bb7 5. Bg5 Bb4 6. Nd2 h6 7. Bh4 O-O 8. Qc2
d5 9. cxd5 exd5 10. e3 Be7 11. Rd1 Ne4 12. Bxe7 Qxe7 13. Ndxe4 dxe4 14. Bc4 Re8
15. O-O a6 16. Nd5 Qd6 17. Qb3 b5 18. Nc3 bxc4 19. Qxb7 Nc6 20. Nxe4 Qd5 21. Nc5
Ra7 22. e4 Qxc5 23. Qxc7 Rxc7 24. dxc5 Rxe4 25. Rfe1 Rxe1+ 26. Rxe1 Nb4 0-1

[Event "World Youth U16 Olympiad"]
[Site "Gyor HUN"]
[Date "2014.12.19"]
[Round "8.3"]
[Board "2"]
[White "Ali Marandi, Cemil Can"]
[Black "Goryachkina, Aleksandra"]
[Result "0-1"]
[WhiteTitle "IM"]
[BlackTitle "WGM"]
[WhiteElo "2423"]
[BlackElo "2441"]
[WhiteTeam "Turkey"]
[BlackTeam "Russia"]
[WhiteFideId "6300529"]
[BlackFideId "4147103"]
[EventDate "2014.12.13"]
[EventType "team"]

1. d4 d5 2. c4 c6 3. Nf3 Nf6 4. e3 Bf5 5. Nc3 e6 6. Nh4 Be4 7. f3 Bg6 8. Qb3 Qc7
9. Bd2 Be7 10. Nxg6 hxg6 11. g3 a6 12. Rc1 dxc4 13. Bxc4 c5 14. dxc5 Nc6 15. Qc2
Rd8 16. Be2 Rxh2 17. Rxh2 Qxg3+ 18. Rf2 Ng4 19. fxg4 Bh4 20. Kd1 Qxf2 21. Qe4
Qe1+ 22. Kc2 Qxd2+ 23. Kb1 Bg5 24. Bxa6 Qxe3 25. Qxe3 Bxe3 26. Bxb7 Na5 27. Ba6
Bxc1 28. Kxc1 Rd4 29. Be2 Kd7 30. Kc2 Nb7 31. Bb5+ Kd8 32. Na4 Rxg4 33. Kc3 f5
34. b4 f4 35. Kd3 g5 36. Ba6 Kc7 37. Nc3 Rg3+ 38. Kd4 e5+ 39. Kc4 f3 40. Nd5+
Kd7 41. Kb5 Nd8 42. Kb6 f2 43. Bb5+ Ke6 44. c6 Nxc6 45. Kxc6 e4 46. Bc4 Ke5 47.
b5 Rg1 48. b6 Rc1 49. b7 Rxc4+ 50. Kd7 f1=Q 51. b8=Q+ Kd4 52. Ne7 Qh3+ 53. Kd6
Qh2+ 0-1

[Event "World Youth U16 Olympiad"]
[Site "Gyor HUN"]
[Date "2014.12.19"]
[Round "8.3"]
[Board "3"]
[White "Vavulin, Maksim"]
[Black "Sevgi, Volkan"]
[Result "1-0"]
[WhiteTitle "IM"]
[BlackTitle "FM"]
[WhiteElo "2430"]
[BlackElo "2091"]
[WhiteTeam "Russia"]
[BlackTeam "Turkey"]
[WhiteFideId "4169530"]
[BlackFideId "6325335"]
[EventDate "2014.12.13"]
[EventType "team"]

1. e4 c6 2. d3 d5 3. Nd2 e5 4. Ngf3 Bd6 5. g3 Nf6 6. Bg2 O-O 7. O-O Re8 8. Qe2
Nbd7 9. b3 Qc7 10. Bb2 dxe4 11. dxe4 b6 12. Nh4 a5 13. Rfd1 Bc5 14. Nf5 Nf8 15.
h3 Ba6 16. Qe1 Rad8 17. a3 g6 18. Ne3 Ne6 19. b4 Bd4 20. c3 Bxe3 21. Qxe3 c5 22.
Nf3 Bc4 23. Ng5 Nxg5 24. Qxg5 Qe7 25. Rxd8 Rxd8 26. Re1 Nd5 27. Qh6 Nc7 28. bxa5
bxa5 29. Bc1 Ne6 30. f4 exf4 31. gxf4 Ng7 32. Be3 Rd3 33. Bf2 Nh5 34. Rb1 Qd6
35. e5 Qc7 36. Rb7 Qd8 37. Ra7 Rd1+ 38. Kh2 Bd5 39. e6 Bxe6 40. Ra8 Bc8 41. Bb7
Bxb7 42. Rxd8+ Rxd8 43. f5 Rd1 44. Bg1 Bd5 45. Qe3 Be4 46. fxg6 hxg6 47. Qe2 Rb1
48. Qxe4 Rb2+ 49. Bf2 Rxf2+ 50. Kg1 Rf1+ 51. Kg2 Rf5 52. Qa8+ Kg7 53. Qxa5 Nf4+
54. Kg3 Ne2+ 55. Kh2 Kh7 56. c4 Nd4 57. a4 g5 58. Qb6 Rf2+ 59. Kg3 Rf3+ 60. Kg2
Rf5 61. a5 Nc2 62. Qb1 Ne3+ 63. Kg3 Nf1+ 64. Kg2 Ne3+ 65. Kh2 Kg6 66. a6 Nxc4
67. a7 Nd2 68. Qd3 Nf3+ 69. Kg3 1-0

[Event "World Youth U16 Olympiad"]
[Site "Gyor HUN"]
[Date "2014.12.19"]
[Round "8.3"]
[Board "4"]
[White "Tuncer, Tuna"]
[Black "Litvinov, Maxim"]
[Result "1-0"]
[WhiteElo "2210"]
[BlackElo "2238"]
[WhiteTeam "Turkey"]
[BlackTeam "Russia"]
[WhiteFideId "6349269"]
[BlackFideId "24157449"]
[EventDate "2014.12.13"]
[EventType "team"]

1. e4 e5 2. Nf3 Nc6 3. Bb5 g6 4. O-O Bg7 5. c3 a6 6. Ba4 d6 7. d4 Bd7 8. d5 Nce7
9. Bxd7+ Qxd7 10. c4 Nf6 11. Nc3 O-O 12. Bd2 Nh5 13. Rb1 a5 14. b3 h6 15. Ne1
Nf4 16. Ne2 g5 17. Ng3 f5 18. f3 Nfg6 19. exf5 Nxf5 20. Nc2 Nxg3 21. hxg3 g4 22.
Ne3 gxf3 23. Rxf3 e4 24. Rxf8+ Rxf8 25. Qh5 Ne5 26. Rf1 Rxf1+ 27. Kxf1 b6 28.
Ke2 Qf7 29. Qf5 Qxf5 30. Nxf5 Ng4 31. Ne3 Nf6 32. Nd1 Kf7 33. Nf2 Kg6 34. Ke3
Kf5 35. Ke2 Ng4 36. Nh3 Bd4 37. Nf4 e3 38. Ne6 Ke4 39. Bc1 Be5 40. Nxc7 Bxg3 41.
Nb5 Be5 42. Ba3 Nf2 43. Bxd6 Bf6 44. Bg3 Nd3 45. Nd6+ Kd4 46. Nf5+ Ke4 47. Nxe3
Nc1+ 48. Kd1 Nxa2 49. Ng4 Bg5 50. Bc7 b5 51. Bxa5 bxc4 52. bxc4 h5 53. Nf2+ Kd4
54. d6 Kxc4 55. Ne4 Bh4 56. g3 Nc3+ 57. Bxc3 1-0

[Event "World Youth U16 Olympiad"]
[Site "Gyor HUN"]
[Date "2014.12.19"]
[Round "8.4"]
[Board "1"]
[White "Deac, Bogdan-Daniel"]
[Black "Havasi, Gergo"]
[Result "1/2-1/2"]
[WhiteTitle "FM"]
[WhiteElo "2391"]
[BlackElo "2353"]
[WhiteTeam "Romania"]
[BlackTeam "Hungary 2"]
[WhiteFideId "1226380"]
[BlackFideId "760293"]
[EventDate "2014.12.13"]
[EventType "team"]

1. d4 Nf6 2. c4 g6 3. Nf3 Bg7 4. g3 O-O 5. Bg2 d6 6. Nc3 Nc6 7. O-O a6 8. Qd3
Bd7 9. b3 e5 10. dxe5 dxe5 11. Bg5 Qc8 12. Rad1 Bf5 13. Qd2 Re8 14. Bh6 Bh8 15.
Nd5 Ng4 16. Bg5 f6 17. h3 fxg5 18. hxg4 Bxg4 19. Nxg5 Nd4 20. f3 Bf5 21. e3 Nc6
22. e4 Bd7 23. Nxc7 Qxc7 24. Qxd7 Qxd7 25. Rxd7 Bf6 26. Nh3 Re7 27. Rd5 Nd4 28.
Nf2 h5 29. Re1 Nc2 30. Re2 Nd4 31. Re1 Nc2 32. Re2 Nd4 1/2-1/2

[Event "World Youth U16 Olympiad"]
[Site "Gyor HUN"]
[Date "2014.12.19"]
[Round "8.4"]
[Board "2"]
[White "Kozak, Adam"]
[Black "Dolana, Andrei-Theodor"]
[Result "1/2-1/2"]
[WhiteTitle "FM"]
[WhiteElo "2307"]
[BlackElo "2279"]
[WhiteTeam "Hungary 2"]
[BlackTeam "Romania"]
[WhiteFideId "753246"]
[BlackFideId "1219804"]
[EventDate "2014.12.13"]
[EventType "team"]

1. d4 Nf6 2. c4 e6 3. Nf3 c5 4. d5 exd5 5. cxd5 d6 6. Nc3 g6 7. e4 Bg7 8. h3 O-O
9. Bd3 b5 10. Bxb5 Nxe4 11. Nxe4 Qa5+ 12. Nfd2 Qxb5 13. Nxd6 Qa6 14. N2c4 Rd8
15. Bf4 Nd7 16. O-O Nb6 17. Rc1 Nxc4 18. Nxc4 Qxa2 19. Bc7 Ba6 20. b3 Bd4 21. d6
Rd7 22. Qf3 Re8 23. Rfe1 Rxe1+ 24. Rxe1 Bb7 25. Qg3 Bd5 26. Re8+ Kg7 27. Re7 Be6
28. Qf3 Bf6 29. Kh2 Bxc4 30. Rxd7 Be5+ 31. g3 Bd5 32. Qxd5 Qxf2+ 33. Kh1 Qe1+
34. Kg2 Qe2+ 35. Kh1 Qf1+ 36. Kh2 Qf2+ 37. Qg2 Bxg3+ 38. Kh1 Qe1+ 39. Qg1 Qe4+
40. Qg2 Qe1+ 1/2-1/2

[Event "World Youth U16 Olympiad"]
[Site "Gyor HUN"]
[Date "2014.12.19"]
[Round "8.4"]
[Board "3"]
[White "Costachi, Mihnea"]
[Black "Juhasz, Armin"]
[Result "1/2-1/2"]
[WhiteTitle "FM"]
[BlackTitle "FM"]
[WhiteElo "2356"]
[BlackElo "2268"]
[WhiteTeam "Romania"]
[BlackTeam "Hungary 2"]
[WhiteFideId "1217518"]
[BlackFideId "724270"]
[EventDate "2014.12.13"]
[EventType "team"]

1. d4 e6 2. c4 Bb4+ 3. Bd2 a5 4. g3 Nf6 5. Bg2 d6 6. e4 e5 7. d5 Na6 8. Ne2 Nc5
9. Qc2 Bxd2+ 10. Nxd2 O-O 11. O-O Ne8 12. f4 Nf6 13. Rae1 Bd7 14. h3 c6 15. g4
Rc8 16. Ng3 b5 17. b3 exf4 18. Rxf4 Na6 19. Ref1 Ne8 20. Qc3 Nb4 21. a3 Na6 22.
Qf3 Qe7 23. Qf2 Nc5 24. Rf3 b4 25. axb4 axb4 26. Re3 Qd8 27. Nf3 Na6 28. Nd4 Nb8
29. Rfe1 Rc7 30. e5 cxd5 31. Bxd5 dxe5 32. Rxe5 Nf6 33. Ne4 Nxe4 34. R5xe4 Bc6
35. Nxc6 Nxc6 36. Qe3 Qd6 37. Re8 g6 38. Rxf8+ Qxf8 39. Bxc6 Rxc6 40. Qe8 Rd6
41. Qxf8+ Kxf8 42. Kf2 Rd3 43. Re3 Rd2+ 44. Kf3 f6 45. Ke4 Ke7 46. Rd3 Rc2 47.
Kd5 f5 48. gxf5 gxf5 49. Ke5 Rc3 50. Kd4 Rc2 51. Ke5 Rc3 52. Kd4 Rc2 1/2-1/2

[Event "World Youth U16 Olympiad"]
[Site "Gyor HUN"]
[Date "2014.12.19"]
[Round "8.4"]
[Board "4"]
[White "Zsirai, Peter"]
[Black "Toma, Radu-Cristian"]
[Result "0-1"]
[WhiteElo "2301"]
[BlackElo "2255"]
[WhiteTeam "Hungary 2"]
[BlackTeam "Romania"]
[WhiteFideId "727423"]
[BlackFideId "1217992"]
[EventDate "2014.12.13"]
[EventType "team"]

1. e4 c5 2. Nf3 Nc6 3. d4 cxd4 4. Nxd4 g6 5. Nc3 Bg7 6. Be3 Nf6 7. Bc4 Qa5 8.
O-O d6 9. Nb3 Qc7 10. Bg5 O-O 11. Be2 Be6 12. f4 Rfd8 13. f5 Bxb3 14. axb3 Nb4
15. Bxf6 Bxf6 16. Kh1 Bxc3 17. bxc3 Qxc3 18. Bc4 Rf8 19. Qg4 Kg7 20. fxg6 hxg6
21. Qd7 Qe5 22. Qxb7 Nxc2 23. Rac1 Ne3 24. Rxf7+ Rxf7 25. Qxa8 Ng4 26. g3 Qb2 0-1

[Event "World Youth U16 Olympiad"]
[Site "Gyor HUN"]
[Date "2014.12.19"]
[Round "8.5"]
[Board "2"]
[White "Cao, Jason"]
[Black "Korpa, Bence"]
[Result "1/2-1/2"]
[WhiteTitle "FM"]
[BlackTitle "IM"]
[WhiteElo "2309"]
[BlackElo "2415"]
[WhiteTeam "Canada 1"]
[BlackTeam "Hungary 1"]
[WhiteFideId "2611112"]
[BlackFideId "706671"]
[EventDate "2014.12.13"]
[EventType "team"]

1. e4 c5 2. Nf3 e6 3. d4 cxd4 4. Nxd4 a6 5. Bd3 Bc5 6. Nb3 Be7 7. O-O d6 8. Qg4
g6 9. Qe2 Nd7 10. a4 Ne5 11. Na3 Nf6 12. Nc4 Nxc4 13. Bxc4 O-O 14. Bf4 e5 15.
Bh6 Re8 16. Rfd1 Qc7 17. a5 Bg4 18. f3 Rac8 19. Nd2 Be6 20. Bxe6 fxe6 21. c4
Red8 22. b4 d5 23. c5 Nd7 24. Nb3 Nb8 25. Bd2 Nc6 26. Bc3 Bg5 27. Nc1 dxe4 28.
fxe4 Rxd1+ 29. Qxd1 Be3+ 30. Kh1 Rd8 31. Qb3 Qf7 32. Ne2 Bd2 33. Qc2 Nxb4 34.
Bxb4 Bxb4 35. Ng3 Rd4 36. c6 Qc7 37. cxb7 Qxb7 38. Rf1 Bxa5 39. Qa2 Qb6 40. Qf2
Qd8 41. Qf7+ Kh8 42. Qxe6 Bc7 43. Qxa6 Rd1 44. h3 Bb6 45. Rxd1 Qxd1+ 46. Qf1
Qxf1+ 47. Nxf1 Kg7 48. Kh2 Bf2 49. g3 Kf6 1/2-1/2

[Event "World Youth U16 Olympiad"]
[Site "Gyor HUN"]
[Date "2014.12.19"]
[Round "8.5"]
[Board "4"]
[White "Song, Michael"]
[Black "Antal, Tibor Kende"]
[Result "1/2-1/2"]
[BlackTitle "FM"]
[WhiteElo "2257"]
[BlackElo "2292"]
[WhiteTeam "Canada 1"]
[BlackTeam "Hungary 1"]
[WhiteFideId "2613190"]
[BlackFideId "738581"]
[EventDate "2014.12.13"]
[EventType "team"]

1. e4 c5 2. c3 e6 3. Nf3 d5 4. exd5 exd5 5. Bb5+ Bd7 6. Bxd7+ Nxd7 7. d4 Ngf6 8.
O-O Be7 9. dxc5 Nxc5 10. Be3 O-O 11. Nbd2 Nce4 12. Bd4 Qc7 13. Re1 Rfd8 14. Nf1
b5 15. Ne3 b4 16. cxb4 Bxb4 17. Re2 Rac8 18. Rc2 Qb7 19. Rac1 a6 20. g3 h6 21.
Rxc8 Rxc8 22. Rxc8+ Qxc8 23. Bxf6 Nxf6 24. Nxd5 Qd8 25. Nxf6+ Qxf6 26. Qd5 Qxb2
27. Ne5 Qb1+ 28. Kg2 Qf5 29. Qd8+ Bf8 30. Qd5 h5 31. h3 g6 32. Qd4 Bg7 33. Qd8+
Kh7 34. Nf3 Bf6 35. Qd6 a5 36. a4 Kg7 37. Qc6 Qd3 38. Qc5 Qe4 39. Qa3 Qb4 40.
Qa2 Qe4 41. Qb3 g5 42. Kf1 g4 43. hxg4 hxg4 44. Nd2 Qd4 45. Nc4 Qd5 46. Ke1 Be5
47. Qc2 Bd4 48. Nd2 Bc5 49. Ne4 1/2-1/2